000 00392nam a2200157 a 4500
020 _a0883442
082 0 0 _a025
_bFEN
100 _aFenton, Thomas P
245 _aThird World Resource Dictionary-1994-1995
260 _aNew York
_bOrbis Books
_c1994
300 _a785p
500 _aincludes index and biblioraphy
505 2 _aIndex
650 _aDirectory-Organization
942 _cBK
999 _c9996
_d9996